| 000 | 00739nam a2200241 a 4500 | ||
|---|---|---|---|
| 003 | PILC | ||
| 005 | 20160202094741.0 | ||
| 008 | 030909s19uu xx 00 eng d | ||
| 020 | _a032431437x | ||
| 050 |
_aBF 181 _b.M39 2006 |
||
| 100 | _aMcGuigan, James R. | ||
| 245 |
_aContemporary financial management / _cF.J. McGuigan, William J. Kretlow, R. Charles Moyer. |
||
| 250 | _a10th edition. | ||
| 260 |
_aAustralia : _bThomson South-Western, _c2006. |
||
| 300 |
_a799 pages : _billustrations ; _c22 cm. |
||
| 500 | _aIncludes index. | ||
| 650 |
_aCorporations _xFinance. |
||
| 650 |
_aBusiness enterprises _xFinance. |
||
| 700 | _aKretlow, William J. | ||
| 700 | _aMoyer, Charles R. | ||
| 942 |
_cBK _2lcc _kFOR |
||
| 999 |
_c290454 _d290454 |
||